Prirodzená komunikácia pri riadení "smart-room" kombináciou rôznych modalít
Saved in:
| Main Author: | |
|---|---|
| Other Authors: | |
| Format: | Manuscript Book |
| Language: | Slovak |
| Published: |
2018
|
| Subjects: | |
| Online Access: | http://is.stuba.sk/zp/portal_zp.pl?podrobnosti=137466 |
| Tags: |
No Tags, Be the first to tag this record!
|
MARC
| LEADER | 00000ntm a22000003a 4500 | ||
|---|---|---|---|
| 001 | stuzp68590 | ||
| 003 | SK-STU | ||
| 005 | 20181029103954.2 | ||
| 007 | ta | ||
| 008 | 150427s2015----xo-----f-mn---000-0-slo-d | ||
| 040 | |a STU |b slo | ||
| 041 | 0 | |a slo | |
| 044 | |a xo | ||
| 100 | 1 | |a Rajniak, Jakub |u 037000 |4 aut |U FEI Fakulta elektrotechniky a informatiky |T FEI Ústav multimediálnych informačných a komunikačných technológií |X 73027 |U E070 |Y 818 |7 73027 | |
| 242 | 0 | 1 | |a Natural Communications Using Various Modalities for smart-room Control |y eng |
| 245 | 1 | 0 | |a Prirodzená komunikácia pri riadení "smart-room" kombináciou rôznych modalít |
| 260 | |c 2018 | ||
| 300 | |a 64 s. | ||
| 650 | 4 | |a inteligentná miestnosť |2 slo | |
| 650 | 4 | |a rozpoznávanie gest |2 slo | |
| 650 | 4 | |a rozpoznávanie reči |2 slo | |
| 650 | 4 | |a Smart-room |2 eng | |
| 650 | 4 | |a speech recognition |2 eng | |
| 650 | 4 | |a gesture recognition, |2 eng | |
| 700 | 1 | |a Rozinaj, Gregor |u 037000 |k Z1 |4 ths |U FEI Fakulta elektrotechniky a informatiky |T FEI Ústav multimediálnych informačných a komunikačných technológií |X 1945 |U E070 |Y 818 |7 A000001945 | |
| 856 | 4 | |u http://is.stuba.sk/zp/portal_zp.pl?podrobnosti=137466 | |
| 996 | |b 284EP11911 |c E*DIPL- 11911 |l EE37 |s P |a 0 |w stuzp68590_0001 | ||